Plant cell culture protocols (Record no. 368258)

MARC details
000 -LEADER
fixed length control field 003350000a22001450004500
020 ## - INTERNATIONAL STANDARD BOOK NUMBER
International Standard Book Number 9781617798177
082 ## - DEWEY DECIMAL CLASSIFICATION NUMBER
Classification number 581.807 LOY
100 ## - MAIN ENTRY--PERSONAL NAME
Personal name Loyola-vargas, Victor M
100 ## - MAIN ENTRY--PERSONAL NAME
Personal name Ochoa-Alejo, Neftali
245 ## - TITLE STATEMENT
Title Plant cell culture protocols
260 ## - PUBLICATION, DISTRIBUTION, ETC. (IMPRINT)
Place of publication, distribution, etc. Newyork, Humana press
260 ## - PUBLICATION, DISTRIBUTION, ETC. (IMPRINT)
Date of publication, distribution, etc. 2012
300 ## - PHYSICAL DESCRIPTION
Extent 430
942 ## - ADDED ENTRY ELEMENTS (KOHA)
Koha item type Books (General)
Holdings
Withdrawn status Lost status Damaged status Not for loan Collection code Home library Current library Shelving location Date acquired Total Checkouts Full call number Barcode Date last seen Price effective from Koha item type
        Reference Book College of Agriculture, Vellayani College of Agriculture, Vellayani Reference 02/05/2014   581.807 LOY KAU_COAV-28326 03/09/2025 02/05/2014 Reference Book
Kerala Agricultural University Central Library
Thrissur-(Dt.), Kerala Pin:- 680656, India
Ph : (+91)(487) 2372219
E-mail: librarian@kau.in
Website: http://library.kau.in/